Представление документа в формате MARC21

Поле Инд. ПП Название Значение
Тип записи a
Библиографический уровень b
001 Контрольный номер f8327b56ebee44a3acf49d7452f2f229
005 Дата корректировки 20221107104331.1
040 a Служба первич. каталог. Scopus
041 0_ a Код языка текста eng
097 a Костяева О.Г.
100 1_ a Автор Balagurov A. M.
c Титул (звания) профессор (ученое звание); доктор физико-математических наук; профессор (должность);
i 100093204
g Прочие сведения РИНЦ AuthorID: 307 (http://elibrary.ru/author_profile.asp?id= 307); SPIN-код: 9097-4000 (http://elibrary.ru/author_items.asp?authorid=307); Scopus Author ID: 7006758479 (https://www.scopus.com/authid/detail.uri?origin=resultslist&authorId=7006758479&zone=)
k Кафедра нанотехнологий и новых материалов; Факультет естественных и инженерных наук
q Полное имя Балагуров Анатолий Михайлович
u Дополнение Балагуров А. М.; Balagurov Anatoly M.
100 1_ a Автор Sumnikov S. V.
100 1_ a Автор Cifre J.
100 1_ a Автор Palacheva V. V.
100 1_ a Автор Chubov D. G.
245 10 a Заглавие In situ study of order-disorder transitions and anelasticity in Fe-26Al alloy
773 18 t Название источника Journal of Alloys and Compounds
d Место и дата издания 2022
m Специф. данные входит в Scopus;входит в WoS;входит в ядро РИНЦ;зарубежный журнал;ненулевой импакт-фактор
g Прочая информация V. 932. - P. 167663
b Сведения об издании Elsevier Science Publishing Company, Inc.
x ISSN 0925-8388
c Switzerland
p J. Alloy. Compd.
w Контрольный № источника d607d70adecc4e6caf03c4662730288a
q Q1 Scopus 2021
o Прочие индексы scopus 1.11
901 t Тип документа b
952 c Вид литературы статья в журнале